| 000 | 00443nam a22001697a 4500 | ||
|---|---|---|---|
| 005 | 20260130135851.0 | ||
| 008 | 160428b xxu||||| |||| 00| 0 eng d | ||
| 020 | _a81-2970045-X | ||
| 041 | _aeng | ||
| 082 | _a620.0042 | ||
| 100 |
_aGroover. Mikell P. _9177 |
||
| 245 | _aCAD/CAM: Computer Aided Design and Manufacturing | ||
| 260 |
_aNew Delhi _bPearson Education, _c2004 |
||
| 300 | _a489 | ||
| 650 | _aInformation Technology | ||
| 942 | _cBK | ||
| 999 |
_c182 _d182 |
||